| 000 | 00448nam a2200157Ia 4500 | ||
|---|---|---|---|
| 003 | OSt | ||
| 005 | 20200703094743.0 | ||
| 008 | 190216s9999||||xx |||||||||||||| ||und|| | ||
| 040 | _coclc | ||
| 082 |
_a941 _bTHA/S |
||
| 100 |
_aThailambal, P _93482 |
||
| 245 | 0 |
_aSocial History Of England / _c P Thailambal |
|
| 260 |
_bEnnes Publications, _c1999. _aUdumalpet: |
||
| 300 | _a211p | ||
| 942 |
_cBK _2ddc _h941 _iTHA/S _k941 _mTHA/S |
||
| 999 |
_c20682 _d20682 |
||